000
00325nam a22001457a 4500
003
SGT
020
_a
9780670088782
082
_a
923.154
_b
T17N
100
_a
N.P, ULLEKH
245
_a
THE UNTOLD VAJPAYEE
260
_a
INDIA
_b
PENGUIN BOOKS
_c
2017
300
_a
272
650
_a
PRIME MINISTER OF INDIA
942
_2
ddc
_c
BK
999
_c
25981
_d
25981